000 00374 a2200169 4500
001 68854
020 _a8516031047
040 _cAnchieta - Itaigara
100 _aGuedes, Avelino
240 1 0 _aO sanduĂ­che da Maricota
_lpor
245 1 0 _aO sanduĂ­che da Maricota
300 _a31
362 0 _a2002
440 1 _aModerna
650 4 _aLiteratura infantil
942 _cBK
999 _c68854
_d68854